000 00655nam a2200229Ia 4500
003 OSt
005 20220928112215.0
006 a|||||r|||| 00| 0
007 ta
008 220927b |||||||| |||| 00| 0 eng d
024 _a50530
037 _cTextual
040 _aSDCL
_cSDCL
_beng
041 _2eng
_aeng
082 _aR3xL291, M4
100 _aWellbery David E
_9426846
245 0 _aLessing's Laocoon
_b Semiotics and aesthetic in the age of reason.
260 _aLondon
_bCambridge Univesity Press
_c1984
300 _aix,275p.
_ccm.
942 _hR3xL291, M4
_cTEXL
_2CC
999 _c743751
_d743751